La estrategia del caracol (Registro nro. 426181)

Detalles MARC
001 - NÚMERO DE CONTROL
campo de control 1037619
005 - FECHA Y HORA DE LA ÚLTIMA TRANSACCIÓN
campo de control 20260507075027.0
007 - CAMPO FIJO DE DESCRIPCIÓN FÍSICA--INFORMACIÓN GENERAL
campo de control de longitud fija vd||v
008 - DATOS DE LONGITUD FIJA--INFORMACIÓN GENERAL
campo de control de longitud fija 070719nuuuuuuuu spa
035 ## - NÚMERO DE CONTROL DEL SISTEMA
Número de control de sistema 1037619
040 ## - FUENTE DE LA CATALOGACIÓN
Centro/agencia transcriptor comduadb
041 ## - CÓDIGO DE LENGUA
Código de lengua del texto/banda sonora o título independiente spa
080 ## - NÚMERO DE LA CLASIFICACIÓN DECIMAL UNIVERSAL
Número de la Clasificación Decimal Universal CABR/
100 10 - ENTRADA PRINCIPAL--NOMBRE DE PERSONA
Nombre de persona Cabrera Cárdenas, Sergio,
Fechas asociadas al nombre 1950-
Código de función drt
Término indicativo de función/relación Director/a
9 (RLIN) 292294
245 13 - MENCIÓN DE TÍTULO
Título La estrategia del caracol
260 ## - PUBLICACIÓN, DISTRIBUCIÓN, ETC.
Lugar de publicación, distribución, etc. Bogotá :
Nombre del editor, distribuidor, etc. Focine ;
-- Cineplex,
Fecha de publicación, distribución, etc. 1993.
300 ## - DESCRIPCIÓN FÍSICA
Extensión 1 DVD (115 minutos) :
Otras características físicas sonido y color.
520 3# - SUMARIO, ETC.
Sumario, etc. Los vecinos de uno de los barrios más pobres de la ciudad colombiana de Bogotá luchan para evitar el derribo de la casa dónde viven, propiedad de un millonario sin escrúpulos. Defendiendo el edificio contra jueces y policías, planean una original estrategia ideada y dirigida por Don Jacinto, un viejo anarquista español. La lucha contra los especuladores y los corruptos está perdida antes de empezar, pero los vecinos están dispuestos a hacer lo que sea para defender su dignidad.
650 ## - PUNTO DE ACCESO ADICIONAL DE MATERIA--TÉRMINO DE MATERIA
Término de materia o nombre geográfico como elemento de entrada Películas cinematográficas - Colombia
9 (RLIN) 194631
700 10 - ENTRADA AGREGADA--NOMBRE PERSONAL
Nombre de persona Basile, Salvatore
Código de función pro
Término indicativo de función/relación Productor/a
9 (RLIN) 719703
700 10 - ENTRADA AGREGADA--NOMBRE PERSONAL
Nombre de persona Ramírez Gallegos, Franklin
Código de función act
Término indicativo de función/relación Actor/a
9 (RLIN) 348929
700 10 - ENTRADA AGREGADA--NOMBRE PERSONAL
Nombre de persona Lemaitre, Florina
Código de función act
Término indicativo de función/relación Actor/a
9 (RLIN) 736296
942 ## - ELEMENTOS DE ENTRADA AGREGADA (KOHA)
Tipo de ítem Koha Libros
Existencias
Estado de retiro Estado de pérdida Estado dañado No para préstamo Código de colección Localización permanente Ubicación/localización actual Fecha de adquisición Número de inventario Total de préstamos Signatura topográfica completa Código de barras Fecha visto por última vez Número de copia Precio válido a partir de Tipo de ítem Koha Fuente del sistema de clasificación o colocación Fuente de adquisición Coste, precio normal de compra Fecha del último préstamo
        Colección de Audiovisuales Planta Baja Biblioteca Carlos Gaviria Díaz, Campus Medellín Biblioteca Carlos Gaviria Díaz, Campus Medellín 19/07/2007 C957129   CABR 1993E DVD 0538457 27/04/2023 1 27/04/2023 Digital (CD-ROM, DVD, Blu-Ray, USB) - Restringido        
        Colección de Audiovisuales Planta Baja Biblioteca Carlos Gaviria Díaz, Campus Medellín Biblioteca Carlos Gaviria Díaz, Campus Medellín 15/09/2016 C1251292 3 CABR 1993E DVD e2 1016407 25/08/2025 2 27/04/2023 Digital (CD-ROM, DVD, Blu-Ray, USB) Clasificación Decimal Dewey Material pagado por sanción 90000.00 25/07/2025